00398nam a2200133Ia 4500008004100000100002200041245003000063260000900093300003400102440002400136650001300160999001900173952007200192180117s9999 xx 000 0 und d aby Wanggo Gallaga aWords and Moving Pictures c2017 a22-24 pages, 2017 November 12 aPhilippine Panorama aPICTURES c353301d353301 001040aCLbCLd2018-01-17l0r2018-01-17 00:00:00w2018-01-17ySE